| 000 | 00628nam a2200169 i 4500 | ||
|---|---|---|---|
| 001 | 104777 | ||
| 003 | ES-MaACL | ||
| 005 | 20230906183702.0 | ||
| 007 | t| | ||
| 008 | 051212s1950 sp ||||1| spa d | ||
| 100 | 1 |
_aMiralles de Imperial y Gómez, Claudio. _981499 |
|
| 245 | 1 | 0 |
_aCensura de publicaciones en Nueva España (1576-1591) _b: anotaciones documentales / _cClaudio Miralles de Imperial y Gómez. |
| 260 |
_aMadrid : _b[s.n.], _c1950. |
||
| 300 |
_a15 h. ; _c25 cm. |
||
| 500 | _aEs separata de la Revista de Indias año X. octubre-diciembre 1950. nº 42. pág. 818-846. | ||
| 852 |
_aES-MaACL _j1907-F-19 _bR.31293 |
||
| 999 |
_c104777 _d104777 |
||